Alle landen waar een M in zit. - Statistieken

Algemene statistieken
  • Deze quiz is 107 keer genomen
    82 sinds de laatste reset
  • De gemiddelde score is 40 van 50
Antwoordstatistieken
Antwoord % Correct
Guatemala
100%
Mali
100%
Malta
100%
Marokko
100%
Mauritanië
100%
Mauritius
100%
Armenië
94%
Madagaskar
94%
Marshalleilanden
94%
Mexico
94%
Moldavië
94%
Monaco
94%
Mongolië
94%
Noord-Macedonië
94%
Panama
94%
Democratische Republiek Congo
88%
Dominica
88%
Dominicaanse Republiek
88%
Montenegro
88%
Mozambique
88%
Somalië
88%
Gambia
81%
Jemen
81%
Malawi
81%
Malediven
81%
Myanmar
81%
Namibië
81%
Oman
81%
San Marino
81%
Suriname
81%
Comoren
75%
Maleisië
75%
Micronesië
75%
Verenigde Arabische Emiraten
75%
Vietnam
75%
Zambia
75%
Zimbabwe
75%
Cambodja
69%
Colombia
69%
Jamaica
69%
Kameroen
69%
Luxemburg
69%
Denemarken
63%
Salomonseilanden
63%
Sao Tomé en Principe
63%
Turkmenistan
63%
Bahama's
56%
Oost-Timor
56%
Roemenië
56%
Samoa
56%
Geen overeenkomende quizzen gevonden
Scoreverdeling
Procent van Mensen met Elke Score
Percentiel versus Aantal Correcte Antwoorden
Uw Scoregeschiedenis
U heeft deze quiz nog niet genomen sinds de laatste reset